Vista normal
Vista MARC
- Zilber, Patrica
Entrada Personal Name
Número de registros utilizados en: 1
001 - CONTROL NUMBER
- control field: 27307
003 - CONTROL NUMBER IDENTIFIER
- control field: AR-BaUME
005 - DATE AND TIME OF LATEST TRANSACTION
- control field: 20260310131329.0
008 - FIXED-LENGTH DATA ELEMENTS
- fixed length control field: 260310|| aca||aabn | a|a d
040 ## - CATALOGING SOURCE
- Original cataloging agency: AR-BaUME
- Transcribing agency: AR-BaUME
100 ## - HEADING--PERSONAL NAME
- Personal name: Zilber, Patrica
670 ## - SOURCE DATA FOUND
- Source citation: Work cat.: (AR-BaUME): Zilber, Patrica, Análisis y descripción del programa Foro Pyme Aduanero en los años 2020-2022 / , 2025



